| 000 | 00613nam a2200193 i 4500 | ||
|---|---|---|---|
| 001 | 35931 | ||
| 003 | ES-MaACL | ||
| 005 | 20230906155240.0 | ||
| 007 | t| | ||
| 008 | 030214s1952 sp ||||1| spa d | ||
| 080 | _a811.922(075.4) | ||
| 100 | 1 |
_aBremon Masgrau, J. _931567 |
|
| 245 | 1 | 3 |
_aEl esperanto al alcance de todos : _bmanual de la conversacion esperanta / _cpor J. Bremon Masgrau. |
| 250 | _a3ª ed. corr. y aum. | ||
| 260 |
_aBarcelona : _bSelecciones Boix, _c[1952] ( _fImp. A. Ortega) |
||
| 300 |
_aVIII, 62 p. ; _c19 cm. |
||
| 650 | 4 |
_aEsperanto- _vMétodos. _912497 |
|
| 852 | 4 |
_aES-MaACL _j1955-F-12 |
|
| 999 |
_c35931 _d35931 |
||